Ordinary differential equations and their solutions

Guardat en:
Dades bibliogràfiques
Autor principal: Murphy, George Moseley (Autor)
Format: Llibre
Idioma:anglès
Publicat: Nueva York D. van Nostrand 1960
Matèries:
Etiquetes: Afegir etiqueta
Sense etiquetes, Sigues el primer a etiquetar aquest registre!

MARC

LEADER 00000nam a2200000 a 4500
001 UCL2556
003 CL-VaPUC
008 031024e19600000us |||||||||||||||||eng|d
082 0 4 |a 515.352  |b MUR  |2 21 
100 |a Murphy, George Moseley  |e author  |9 547203 
245 1 0 |a Ordinary differential equations and their solutions 
300 |a 451 p 
942 |c BK 
945 |d 20031024 00:00:00  |a cmena 
260 |a Nueva York  |b D. van Nostrand  |c 1960 
650 0 |a Ecuaciones diferenciales ordinarias  |9 270041 
650 0 |a Ecuaciones diferenciales  |9 260083 
650 0 |a Cálculo diferencial   |9 260102 
999 |c 339741  |d 339739 
583 |k Rodrigo Vera 
952 |0 0  |1 0  |4 0  |6 515_352000000000000_MUR_1960  |7 0  |8 A  |9 433552  |a BIBCUR  |b BIBCUR  |d 2019-11-22  |i 2083647  |l 2  |o 515.352 MUR 1960  |p 2083647  |r 2025-04-22  |s 2024-04-03  |w 2019-11-22  |y BK  |k FIS